| 000 | 00653nam a2200205Ia 4500 | ||
|---|---|---|---|
| 003 | GCL | ||
| 008 | 140319s9999 xx 000 0 ara d | ||
| 040 |
_aGCL / _cGCL |
||
| 082 | 0 | 4 |
_a791.43 _bد س |
| 100 | 1 | _aدونالد ا. ستابلز | |
| 245 | 1 | 0 |
_aالسينما الامريكية / _cدونالد ا. ستابلز |
| 700 | 1 | _aنورالدين الزارارى | |
| 260 |
_a[S.N] : _bدار المعارف ، _c1981 |
||
| 300 | _a467 ص | ||
| 490 | _a | ||
| 650 | 0 | 4 | _aالولايات المتحدة الامريكية |
| 650 | 0 | 4 | _aالافلام السينمائية |
| 650 | 0 | 4 | _aالاخراج السينمائى |
| 942 |
_2ddc _cBK |
||
| 999 |
_c56029 _d56029 |
||